Kultúramentés, értékmegőrzés fennállásának 35. évfordulóját ünnepelte a hét végén a Szlovákiai Magyar Pedagógusok Vass Lajos Kórusa

Bibliographic Details
Main Author: Vojtek, Katalin, 1949- (Author)
Format: Article
Language:Hungarian
PhysicalDescription:Fotogr.
Subjects:

MARC

LEADER 00000nab a2200000 a 4500
001 vtls000741971
003 SK-MaSNL
005 20260318132559.0
008 160405c2000 xo 0 hun
015 |a SNBRB2000/12-32372 
035 |a CLN000093811 
040 |a SNKBUCL  |b slo  |c SNKBUCL  |e AACR2 
041 0 |a hun 
044 |a xo  |c SK 
080 |a 78.087.684  |2 1997 
100 1 |a Vojtek, Katalin,  |d 1949-  |4 aut  |9 737115 
245 1 0 |a Kultúramentés, értékmegőrzés  |b fennállásának 35. évfordulóját ünnepelte a hét végén a Szlovákiai Magyar Pedagógusok Vass Lajos Kórusa  |c Vojtek Katalin 
300 |b Fotogr. 
610 2 7 |a Spevácky zbor maďarských učiteľov na Slovensku Vass Lajos  |2 snkbucl  |9 232176 
655 7 |a články z novín a časopisov  |2 snkbucl  |9 267496 
773 0 |t Új szó  |g Roč. 53, č. 273 (27.11.2000), s. 8 
850 |a Slovenská národná knižnica v Martine 
852 |a SNK  |b KIS3GCP 
958 |a HU 
958 |a SK 
958 |a RBX 
999 |c 2136287  |d 2138217